| 000 | 01040nam a22003017a 4500 | ||
|---|---|---|---|
| 003 | CHAP | ||
| 005 | 20220329134014.0 | ||
| 008 | 971013s1971 r 00010 d | ||
| 010 | _a13975 | ||
| 011 | _a14947 | ||
| 035 | _a19021 | ||
| 040 | _cCHAP | ||
| 090 | _aTesis | ||
| 100 | 0 | 0 |
_aGonzález Gallardo, José Carlos. _948918 |
| 245 | _aAnálisis socio-económico de una economía agrícola con características tradicionales; caso Villa los Rayones, N.L. | ||
| 260 |
_aMonterrey, N.L. : _bEl autor, _c1971 |
||
| 300 | _a83 h | ||
| 502 | _aTesis (Lic. en Economía) -- Univ. Autónoma de Nuevo León. Fac. de Economía | ||
| 590 |
_aALEPH _b10 _c20130110 _lUCH01 _h1234 |
||
| 590 |
_aBATCH-UPD _b10 _c20130110 _lUCH01 _h2143 |
||
| 590 |
_aBATCH-UPD _b10 _c20130410 _lUCH01 _h1452 |
||
| 590 |
_aBATCH-UPD _b10 _c20130914 _lUCH01 _h1556 |
||
| 590 |
_aCONVERSION _b10 _c20130109 _lUCH01 _h1309 |
||
| 650 | 1 | 4 |
_aAgricultura _xAspectos economicos _xNuevo Leon. _91278 |
| 901 | _aBK | ||
| 942 | _cTESIS | ||
| 949 |
_bBC _cTES _d-44191 _eTS1 _i19021 _si |
||
| 999 |
_c13975 _d13975 |
||